00571nam a2200193 a 4500001001300000003000900013005001700022008004100039020002300080082001700103100002800120245005300148260003800201300000900239500003500248505002600283650004000309700002800349nice12345678IN_TiNIC20260116014824.0050524s1995 bana grp 000 0 eng  a8187370 c23700a291.172bKUT aKuttianimattathil, Jose aPractice and Theology of Interreligious Dialogue aBangalorebKristu Jyoti Pubc1995 a757p aincludes index and biblioraphy2 aIndex, Quranic Verses aInterfaith Dialogue-Christian and o1 aKuttianimattathil, Jose